Diecisiete lecciones sobre regímenes especiales de la Seguridad Social / (Record no. 56639)

MARC details
000 -LEADER
campo de control de longitud fija 00623nam a2200169 i 4500
001 - NÚMERO DE CONTROL
campo de control 56639
003 - IDENTIFICADOR DE NÚMERO DE CONTROL
campo de control ES-MaACL
005 - FECHA Y HORA DE LA ÚLTIMA TRANSACCIÓN
campo de control 20230906163421.0
007 - CAMPO FIJO DE DESCRIPCIÓN FÍSICA--INFORMACIÓN GENERAL
campo de control de longitud fija t|
008 - DATOS DE LONGITUD FIJA--INFORMACIÓN GENERAL
campo de control de longitud fija 031010s1972 sp ||||1| spa d
245 00 - MENCIÓN DEL TÍTULO
Título Diecisiete lecciones sobre regímenes especiales de la Seguridad Social /
Mención de responsabilidad, etc. por Gaspar Bayón Chacón ... [et al.].
260 ## - PUBLICACIÓN, DISTRIBUCIÓN, ETC.
Lugar de publicación, distribución, etc. Madrid :
Nombre del editor, distribuidor, etc. Universidad de Madrid, Departamento de Derecho del Trabajo,
Fecha de publicación, distribución, etc. 1972.
300 ## - DESCRIPCIÓN FÍSICA
Extensión 555 p. ;
Dimensiones 22 cm.
700 1# - ENTRADA AGREGADA--NOMBRE PERSONAL
Nombre de persona Bayón Chacón, Gaspar.
9 (RLIN) 26713
740 0# - ENTRADA AGREGADA--TÍTULO RELACIONADO/ANALÍTICO NO CONTROLADO
Título relacionado o analítico no controlado 17 lecciones sobre regímenes especiales de la Seguridad Social.
852 ## - LOCALIZACIÓN
Ubicación ES-MaACL
Número de control de estantería C-51931
Sublocalización o colección R.85548
Holdings
Estatus retirado Estado de pérdida Estado de daño No para préstamo Biblioteca de origen Biblioteca actual Ubicación en estantería Fecha de adquisición Fuente de adquisición Total de préstamos Signatura topográfica completa Código de barras Visto por última vez Precio de reemplazo Tipo de ítem Koha
        Biblioteca del Ateneo de Madrid Biblioteca del Ateneo de Madrid Depósito 2 17/01/2008     C-51931 1059480 23/02/2023 23/02/2023 Libro impreso